| 000 | 00000nam##2200000za#4500 |
| 001 | 9.577028 |
| 003 | CaOODSP |
| 005 | 20210624185422 |
| 007 | cr ||||||||||| |
| 008 | 150406|1991||||xxc|||||o f|0| 0 eng|d |
| 040 | |aCaOODSP|beng |
| 043 | |an-cn--- |
| 086 | 1 |aFs97-13/827E-PDF |
| 110 | 1 |aCanada. |bDepartment of Fisheries and Oceans. |
| 245 | 10|aData on insects emerging from natural and developed fish habitats at the Campbell and Fraser River Estuaries, 1989 / |h[electronic resource]|cby T. R. Whitehouse. |
| 260 | |aWest Vancouver - British Columbia : |bFisheries and Oceans Canada |c1991. |
| 300 | |a92p.|breferences, tables |
| 490 | 1 |aCanadian data report of fisheries and aquatic sciences|vNo. 827 |
| 500 | |aOn t.p.: West Vancouver Laboratory, West Vancouver, British Columbia. Catalogue number and ISSN of the print edition appear in the PDF version. |
| 546 | |a(Résumé en français) |
| 590 | |a13-19-Supp|b2013-08-14 |
| 720 | 1 |aWhitehouse, T. R. |
| 830 | #0|aCanadian data report of fisheries and aquatic sciences ;|vNo. 827|w(CaOODSP)9.505124 |
| 856 | 40|ahttp://publications.gc.ca|qPDF|s1144 KB|uhttps://publications.gc.ca/collections/collection_2013/mpo-dfo/Fs97-13-827-eng.pdf|yNo. 827 |